000 00363nam a22001337a 4500
008 120627t xxu||||| |||| 00| 0 eng d
020 _a0446520055
050 _aPS3575.Y5
100 _aYglesias, Rafael.
245 _aDr.Neruda"s cure for evil. /
_cYglesias,Rafael.
260 _aNew York:
_bWarner Books Inc,
_c1996.
300 _a694 p.:
_c24cm.
942 _2lcc
_cBK
999 _c1579
_d9079